[Event "XXVe Open de Metz"]
[Site "Metz"]
[Date "2007.04.18"]
[Round "5.1"]
[White "Fedorchuk, Sergey A"]
[Black "Petkov, Vladimir"]
[Result "1-0"]
[WhiteElo "2603"]
[BlackElo "2456"]
[PlyCount "51"]
[EventDate "2007.04.18"]

1. e4 e5 2. Nf3 Nc6 3. Bb5 Nf6 4. O-O Nxe4 5. Re1 Nd6 6. Nxe5 Nxe5 7. Rxe5+ Be7
8. Bf1 O-O 9. d4 Ne8 10. c4 Bf6 11. Re1 d5 12. cxd5 Qxd5 13. Be3 Bf5 14. Nc3
Qd7 15. Qf3 Nd6 16. Nd5 Bd8 17. Bf4 Bg6 18. Rad1 c6 19. Nc3 Ba5 20. Re5 Bc7 21.
d5 c5 22. h4 Bf5 23. Rde1 Bd8 24. R5e3 Bc2 25. R3e2 Nf5 26. Qh3 1-0

[Event "XXVe Open de Metz"]
[Site "Metz"]
[Date "2007.04.18"]
[Round "5.5"]
[White "Malakhatko, Vadim"]
[Black "Gladyszev, Oleg"]
[Result "1-0"]
[WhiteElo "2598"]
[BlackElo "2485"]
[PlyCount "137"]
[EventDate "2007.04.18"]

1. d4 Nf6 2. Nf3 g6 3. c3 Bg7 4. Bg5 d5 5. Nbd2 Nbd7 6. b4 c6 7. e3 O-O 8. Be2
Re8 9. O-O h6 10. Bh4 e5 11. a3 Qe7 12. Ne1 a5 13. Nc2 Nf8 14. Bd3 g5 15. Bg3
e4 16. Be2 h5 17. Bxh5 axb4 18. Be2 bxc3 19. Nb1 N6d7 20. Nxc3 Ne6 21. f3 exf3
22. Rxf3 Nec5 23. a4 Ne4 24. Nxe4 dxe4 25. Rf1 Nb6 26. a5 Nd5 27. Be1 Be6 28.
Rb1 Rad8 29. Qc1 f5 30. Kh1 f4 31. Bd2 fxe3 32. Bxe3 Nxe3 33. Qxe3 Rf8 34. Qxe4
Rxf1+ 35. Rxf1 Rf8 36. Rxf8+ Kxf8 37. a6 bxa6 38. Qxc6 a5 39. Qa8+ Qe8 40. Qxa5
Bb3 41. Qb4+ Qe7 42. Qb8+ Qe8 43. Qxb3 Qxe2 44. Qf3+ Qxf3 45. gxf3 Kf7 46. Kg2
Ke6 47. Kg3 Bf6 48. Kg4 Kd5 49. Kf5 Be7 50. h3 Bd8 51. Nb4+ Kd6 52. Nd3 Kd5 53.
f4 gxf4 54. Nxf4+ Kd6 55. d5 Bh4 56. Ng6 Bg3 57. Ke4 Kd7 58. h4 Ke8 59. h5 Kf7
60. Kf5 Bd6 61. Ne5+ Kg7 62. Ke6 Ba3 63. Ng4 Bb4 64. d6 Kf8 65. Kd7 Kf7 66. Kc7
Ke6 67. d7 Ba5+ 68. Kc8 Ke7 69. Ne5 1-0

[Event "XXVe Open de Metz"]
[Site "Metz"]
[Date "2007.04.18"]
[Round "5.6"]
[White "Shirazi, Kamran"]
[Black "Burmakin, Vladimir"]
[Result "0-1"]
[WhiteElo "2424"]
[BlackElo "2593"]
[PlyCount "66"]
[EventDate "2007.04.18"]

1. e4 c6 2. d4 d5 3. Nc3 dxe4 4. Nxe4 Bf5 5. Nc5 Qc8 6. Bd3 Bxd3 7. Nxd3 Nf6 8.
Nf3 e6 9. O-O Be7 10. Re1 O-O 11. c4 Nbd7 12. Qe2 Qc7 13. a4 a5 14. Bf4 Qb6 15.
Qc2 Rfe8 16. Nde5 Nxe5 17. dxe5 Nd7 18. Ng5 Nf8 19. Re3 Ng6 20. Rh3 Qd4 21. Bd2
Red8 22. Nf3 Qd3 23. Qc1 Nxe5 24. Bxa5 Rxa5 25. Nxe5 Qf5 26. Nf3 Bf6 27. Rg3
Rda8 28. Qd1 Rxa4 29. Rxa4 Rxa4 30. h3 Rxc4 31. Qd7 Rc1+ 32. Kh2 g6 33. Qxb7
Qh5 0-1

[Event "XXVe Open de Metz"]
[Site "Metz"]
[Date "2007.04.18"]
[Round "5.7"]
[White "Guliyev, Namig"]
[Black "Kozhuharov, Spas"]
[Result "1/2-1/2"]
[WhiteElo "2590"]
[BlackElo "2433"]
[PlyCount "124"]
[EventDate "2007.04.18"]

1. e4 c5 2. Nf3 d6 3. d4 Nf6 4. Nc3 cxd4 5. Nxd4 g6 6. Be2 Bg7 7. O-O O-O 8.
Bg5 Nc6 9. Nb3 a6 10. a4 Be6 11. Kh1 Na5 12. f4 Rc8 13. Nxa5 Qxa5 14. Bd3 Rfe8
15. f5 Bd7 16. Qe2 Bc6 17. Bd2 Qe5 18. a5 d5 19. Bf4 Qd4 20. e5 Ne4 21. e6 fxe6
22. fxg6 Rf8 23. Rad1 Qf6 24. gxh7+ Kh8 25. Bxe4 dxe4 26. Be3 Qg6 27. Rxf8+
Rxf8 28. Kg1 Kxh7 29. Rf1 Rf5 30. Qe1 Rxa5 31. Ne2 Rf5 32. Nf4 Qg5 33. Rf2 Bxb2
34. c3 Ba3 35. Nxe6 Qh4 36. Nd4 Rxf2 37. Bxf2 Qf4 38. Be3 Qf6 39. Nxc6 Qxc6 40.
Qh4+ Kg8 41. Qg5+ Kf7 42. Bd4 b6 43. Qh5+ Kf8 44. Qh8+ Kf7 45. Qg7+ Ke8 46.
Qg8+ Kd7 47. Qg4+ Ke8 48. h4 Bc5 49. h5 Bxd4+ 50. cxd4 e3 51. Qg8+ Kd7 52. d5
Qc1+ 53. Kh2 Qc7+ 54. Kh3 Qe5 55. Qg4+ Ke8 56. Qg6+ Kf8 57. Qh6+ Kg8 58. Qg6+
Kf8 59. Qh6+ Kg8 60. Qg6+ Kh8 61. Qh6+ Kg8 62. Qg6+ Kf8 1/2-1/2

[Event "XXVe Open de Metz"]
[Site "Metz"]
[Date "2007.04.18"]
[Round "5.9"]
[White "Kasparov, Sergey"]
[Black "Gharamian, Tigran"]
[Result "1/2-1/2"]
[WhiteElo "2536"]
[BlackElo "2471"]
[PlyCount "41"]
[EventDate "2007.04.18"]

1. d4 Nf6 2. c4 e6 3. Nc3 Bb4 4. e3 O-O 5. Nge2 Re8 6. a3 Bf8 7. g3 d5 8. cxd5
exd5 9. Bg2 a5 10. O-O c6 11. h3 Bd6 12. b3 Bf5 13. Nf4 h6 14. g4 Bh7 15. Ra2
Nbd7 16. f3 Qb6 17. Kh1 Re7 18. Na4 Qc7 19. Nc3 Qb6 20. Na4 Qc7 21. Nc3 1/2-1/2

[Event "XXVe Open de Metz"]
[Site "Metz"]
[Date "2007.04.18"]
[Round "5.10"]
[White "Shchekachev, Andrei"]
[Black "Prasad, Devaki V"]
[Result "1-0"]
[WhiteElo "2530"]
[BlackElo "2413"]
[PlyCount "75"]
[EventDate "2007.04.18"]

1. Nf3 Nf6 2. c4 e6 3. Nc3 Bb4 4. Qc2 b6 5. e4 Bxc3 6. Qxc3 Nxe4 7. Qxg7 Qf6 8.
Qxf6 Nxf6 9. d4 Bb7 10. Bf4 d6 11. O-O-O Nbd7 12. Ng5 h6 13. Nh3 O-O-O 14. f3
Rdg8 15. Be3 c5 16. Rd2 Rg7 17. Nf2 Kc7 18. Nd1 Ng8 19. Nc3 a6 20. Bd3 Ne7 21.
Rhd1 f5 22. Bf1 Nc8 23. Ne2 h5 24. a3 h4 25. b4 e5 26. dxe5 dxe5 27. f4 e4 28.
Nc3 Rh6 29. Nd5+ Kb8 30. Bf2 cxb4 31. axb4 Nf8 32. Nxb6 Nxb6 33. Rd8+ Bc8 34.
Rxf8 a5 35. b5 Rc7 36. c5 Na4 37. c6 Nc3 38. Rdd8 1-0

[Event "XXVe Open de Metz"]
[Site "Metz"]
[Date "2007.04.18"]
[Round "5.13"]
[White "Kosten, Anthony C"]
[Black "Bednarich, Jan"]
[Result "1-0"]
[WhiteElo "2517"]
[BlackElo "2259"]
[PlyCount "65"]
[EventDate "2007.04.18"]

1. c4 e5 2. g3 Nf6 3. Bg2 h6 4. Nc3 Bb4 5. e4 Bxc3 6. bxc3 b6 7. Nf3 O-O 8. d3
Qe8 9. O-O d6 10. Nh4 Nc6 11. a4 a5 12. Ra2 Ne7 13. f4 Nd7 14. fxe5 Nxe5 15.
Nf5 Rb8 16. Ne3 Ba6 17. g4 f6 18. h4 Qg6 19. Bh3 d5 20. Nf5 Nxf5 21. exf5 Qf7
22. g5 fxg5 23. hxg5 hxg5 24. Rg2 dxc4 25. d4 Nd3 26. f6 g6 27. Rxg5 Nxc1 28.
Be6 Qxe6 29. Rxg6+ Kf7 30. Rg7+ Ke8 31. Re1 Rxf6 32. Qh5+ Rg6+ 33. Qxg6+ 1-0

[Event "XXVe Open de Metz"]
[Site "Metz"]
[Date "2007.04.18"]
[Round "5.15"]
[White "Krivoshey, Sergei"]
[Black "Schweitzer, Viktoriya"]
[Result "1-0"]
[WhiteElo "2475"]
[BlackElo "2243"]
[PlyCount "109"]
[EventDate "2007.04.18"]

1. d4 f5 2. Nf3 g6 3. g3 Bg7 4. Bg2 Nf6 5. O-O O-O 6. b4 d6 7. Bb2 c6 8. c4 d5
9. Nbd2 Be6 10. Ng5 Bf7 11. Ndf3 Ne4 12. Nxf7 Rxf7 13. Ne5 Rf8 14. f3 Nd6 15.
cxd5 cxd5 16. Qb3 e6 17. e4 Bxe5 18. dxe5 Nc4 19. Rad1 Nxb2 20. Qxb2 Qb6+ 21.
Kh1 fxe4 22. fxe4 Rxf1+ 23. Bxf1 Nc6 24. exd5 exd5 25. Bg2 Ne7 26. Qd2 Rd8 27.
a3 Qe6 28. Qf2 Qxe5 29. Qxa7 Rd7 30. Qa8+ Kg7 31. Rf1 Nf5 32. g4 d4 33. gxf5
gxf5 34. Qc8 Rc7 35. Qxf5 Qxf5 36. Rxf5 d3 37. Bf3 Rc1+ 38. Kg2 Rc2+ 39. Kg3
Rc3 40. Rd5 Rxa3 41. Kf4 Rb3 42. b5 b6 43. Rd7+ Kf6 44. Bc6 h5 45. Rd6+ Ke7 46.
Rd4 Rb2 47. h4 d2 48. Ke5 Rb4 49. Rxd2 Rxh4 50. Rd7+ Kf8 51. Be4 Rg4 52. Bf5
Rb4 53. Kf6 Ke8 54. Rd6 Rf4 55. Rxb6 1-0

[Event "XXVe Open de Metz"]
[Site "Metz"]
[Date "2007.04.18"]
[Round "5.16"]
[White "Haub, Thorsten-Michael"]
[Black "Blanchard, Alain"]
[Result "1-0"]
[WhiteElo "2468"]
[BlackElo "1719"]
[PlyCount "59"]
[EventDate "2007.04.18"]

1. Nf3 Nf6 2. g3 g6 3. Bg2 Bg7 4. d3 d5 5. Nbd2 c5 6. e4 Nc6 7. O-O O-O 8. c3
d4 9. cxd4 cxd4 10. Nc4 Nd7 11. Bd2 b5 12. Na3 Qb6 13. Qb3 Rb8 14. Rfc1 a5 15.
Qxb5 Qxb5 16. Nxb5 Rxb5 17. Rxc6 Be5 18. Rac1 Bb7 19. R6c2 a4 20. Bf4 Bg7 21.
Bh3 Nb8 22. Bxb8 Rxb8 23. Bd7 Rb4 24. a3 Rb3 25. Bxa4 Rxd3 26. Ne1 Bxe4 27.
Rc8+ Rxc8 28. Rxc8+ Bf8 29. Nxd3 Bxd3 30. f4 1-0

[Event "XXVe Open de Metz"]
[Site "Metz"]
[Date "2007.04.18"]
[Round "5.17"]
[White "Peric, Slavisa"]
[Black "Pytel, Krzysztof"]
[Result "1/2-1/2"]
[WhiteElo "2289"]
[BlackElo "2396"]
[PlyCount "126"]
[EventDate "2007.04.18"]

1. d4 e6 2. Nf3 Nf6 3. c4 d5 4. Nc3 Bb4 5. e3 O-O 6. a3 Bxc3+ 7. bxc3 c5 8.
cxd5 exd5 9. Bd3 b6 10. O-O Ba6 11. Bxa6 Nxa6 12. Qe2 Qc8 13. Bb2 c4 14. Nd2
Re8 15. f3 Nc7 16. e4 Nd7 17. Qf2 b5 18. Rfe1 Nb6 19. Nf1 Qd7 20. Qc2 Qc6 21.
Re2 Re7 22. Rae1 Rae8 23. Bc1 {=} 23... f6 24. Ng3 g6 25. h4 Qd7 26. h5 dxe4
27. fxe4 Qg4 28. Re3 f5 29. Qe2 Qh4 30. hxg6 hxg6 31. e5 Nbd5 32. Rf3 Ne6 33.
Nf1 Rh7 34. Rh3 Qe7 35. Rxh7 Qxh7 36. Qf3 Rd8 37. Bd2 Qh4 38. g3 Qe7 39. Bc1
Qd7 40. Bd2 Qc6 41. Qh1 Rd7 42. Ne3 Qb7 43. Qh6 Nf8 44. Qh1 Ne6 45. Qh6 Nf8 46.
Qh1 Qc6 47. g4 Qe6 48. gxf5 gxf5 49. Nxd5 Rxd5 50. Re2 Rd7 51. Rg2+ Rg7 52.
Rxg7+ Kxg7 53. Qb7+ Nd7 54. Bf4 Kf8 55. Qxb5 Nb6 56. Qc5+ Ke8 57. Qc7 Qd7 58.
Qb8+ Kf7 59. Qh8 Ke6 60. Qh6+ Kd5 61. Qh1+ Ke6 62. Qh6+ Kd5 63. Qh1+ Ke6
1/2-1/2

[Event "XXVe Open de Metz"]
[Site "Metz"]
[Date "2007.04.18"]
[Round "5.18"]
[White "Struk, Jerzy"]
[Black "Marholev, Dimitar"]
[Result "0-1"]
[WhiteElo "2265"]
[BlackElo "2375"]
[PlyCount "126"]
[EventDate "2007.04.18"]

1. e4 e5 2. Nf3 Nc6 3. Bb5 a6 4. Ba4 Nf6 5. O-O b5 6. Bb3 Bc5 7. Re1 O-O 8. a4
Rb8 9. axb5 axb5 10. d3 d6 11. Bg5 h6 12. Be3 Bg4 13. Bxc5 dxc5 14. c3 Qd6 15.
h3 Be6 16. Bxe6 Qxe6 17. d4 cxd4 18. cxd4 Nxd4 19. Nxd4 exd4 20. Qxd4 Rbd8 21.
Qb4 Qb6 22. Na3 c6 23. Rac1 {=} 23... Rfe8 24. e5 Nd5 25. Qe4 f6 26. Qc2 Re6
27. exf6 Rxf6 28. Re2 Nf4 29. Rd2 Re8 30. Rcd1 Rg6 31. Qb3+ Kh7 32. Qf7 Qb8 33.
g3 Nxh3+ 34. Kg2 Rf8 35. Qxg6+ Kxg6 36. Kxh3 Qc8+ 37. Kg2 Qf5 38. f4 Qe4+ 39.
Kf2 Kh7 40. Nc2 Qf5 41. Nd4 Qf6 42. Nf3 c5 43. Re2 Rd8 44. Rxd8 Qxd8 45. Rd2
Qb6 46. Ne5 c4+ 47. Kf3 Qb7+ 48. Kg4 Qe4 49. Rd8 b4 50. Rc8 c3 51. bxc3 b3 52.
Rb8 Qe2+ 53. Kf5 b2 54. Ke6 Qa6+ 55. Kd5 Qa2+ 56. c4 b1=Q 57. Rxb1 Qxb1 58. c5
Qb3+ 59. Kd6 Qxg3 60. c6 Qxf4 61. c7 Qd4+ 62. Ke6 Qc5 63. Kd7 Qd5+ 0-1

[Event "XXVe Open de Metz"]
[Site "Metz"]
[Date "2007.04.18"]
[Round "5.20"]
[White "Scheynin, Julia"]
[Black "Aguettaz, Maxime"]
[Result "0-1"]
[WhiteElo "2018"]
[BlackElo "2329"]
[PlyCount "61"]
[EventDate "2007.04.18"]

1. Nf3 c5 2. g3 Nc6 3. Bg2 g6 4. d3 Bg7 5. e4 e5 6. O-O Nge7 7. c3 O-O 8. Nbd2
d6 9. a4 h6 10. Ne1 f5 11. f4 Be6 12. Qe2 Qd7 13. Nc4 Rae8 14. fxe5 dxe5 15.
Be3 b6 16. Nc2 Rd8 17. Ne1 Qc7 18. exf5 gxf5 19. Bh3 Bc8 20. Ng2 Nd5 21. Nh4 f4
22. Bxc8 Qxc8 23. gxf4 exf4 24. Bf2 f3 25. Nxf3 Nf4 26. Qc2 Nh3+ 27. Kg2 Rxf3
28. Kxf3 Qf5+ 29. Kg3 Nf4 30. Bg1 Qh3+ 31. Kf2 0-1

[Event "XXVe Open de Metz"]
[Site "Metz"]
[Date "2007.04.18"]
[Round "5.30"]
[White "Dubois, Martine"]
[Black "Bazille, Reynald"]
[Result "1/2-1/2"]
[WhiteElo "2092"]
[BlackElo "1850"]
[PlyCount "27"]
[EventDate "2007.04.18"]

1. e4 e6 2. Nc3 d5 3. Nf3 Nf6 4. e5 Nfd7 5. d4 c5 6. Bg5 Qb6 7. Qd2 cxd4 8.
Nxd4 Nxe5 9. Na4 Qb4 10. c3 Qd6 11. Bf4 a6 12. O-O-O Nbd7 13. b4 Qc7 14. Kb1
1/2-1/2

[Event "XXVe Open de Metz"]
[Site "Metz"]
[Date "2007.04.18"]
[Round "5.40"]
[White "Bormann, Marco"]
[Black "Basinski, Roger"]
[Result "0-1"]
[WhiteElo "1499"]
[BlackElo "1880"]
[Annotator "Bormann,Marco"]
[PlyCount "76"]

1. Nf3 g6 2. g3 Bg7 3. Bg2 d6 4. O-O c6 5. d3 Bg4 6. h3
Bd7 7. e4 e5 8. Nc3 Na6 9. Be3 Ne7 10. d4 O-O 11. dxe5 dxe5 12. Qd6 Be6 13. Bc5
Nxc5 14. Qxc5 b6 15. Qa3 h6 16. Rad1 Qc7 17. Qd6 Qb7 18. Qd3 b5 19. b3 g5 20.
g4 Ng6 21. Qd6 Bf6 22. Ne2 Rad8 23. Qa3 Qb6 24. Rfe1 Be7 25. Qc1 Bc5 26. Rf1
Kh7 27. Ng3 Nf4 28. Rxd8 Rxd8 29. Nxe5 Bd6 30. Qb2 Qc5 31. Nf3 Nxh3+ 32. Bxh3
Bxg3 33. Qf6 Bc7 34. Kg2 Qxc2 35. Re1 Bb6 36. Ne5 Rd2 37. Rf1 Qxe4+ 38. Kg1 Bd5
0-1